Empleo, desempleo y subempleo en el sector agropecuario : dos estudios de caso : Sub-Valle de Toluca y Mixteca Baja /

Bibliographic Details
Main Author: Barbosa-Ramírez, A. René
Format: Book
Language:Spanish
Published: Mexico : Centro de Investigaciones Agrarias, Secretaria de Agricultura y Ganaderia, 1976.
Subjects:

MARC

Tag First Indicator Second Indicator Subfields
LEADER 00000cam a2200000 a 4500
001 in00000099184
005 20150924160016.0
008 790912s1976 mx a bs f00010 spam
010 |a  79371255  
035 |a (OCoLC)05600501 
035 |9 AAL0059AM 
040 |a DLC  |c DLC  |d m.c.  |d TXA  |d UtOrBLW 
043 |a n-mx--- 
049 |a TXAM  |c [1633593] 
050 0 0 |a HD1531 M6  |b  B37 
100 1 |a Barbosa-Ramírez, A. René. 
245 1 0 |a Empleo, desempleo y subempleo en el sector agropecuario :  |b dos estudios de caso : Sub-Valle de Toluca y Mixteca Baja /  |c A. Rene Barbosa- Ramirez. 
264 1 |a Mexico :  |b Centro de Investigaciones Agrarias, Secretaria de Agricultura y Ganaderia,  |c 1976. 
300 |a 367 pages :  |b illustrations ;  |c 23 cm. 
336 |a text  |b txt  |2 rdacontent 
337 |a unmediated  |b n  |2 rdamedia 
338 |a volume  |b nc  |2 rdacarrier 
504 |a Bibliography: pages 361-367. 
650 0 |a Agricultural laborers  |z Mexico  |x Case studies. 
650 0 |a Labor supply  |z Mexico  |x Case studies. 
650 0 |a Unemployed  |z Mexico  |x Case studies. 
650 0 |a Underemployment  |z Mexico  |x Case studies. 
999 |a MARS 
999 f f |s 321a91d9-b380-395b-8095-282f76863902  |i 195b0573-9e57-3e2a-8267-c385fb5be639  |t 0 
952 f f |p ric  |a Texas A&M University  |b Rellis Campus  |c Joint Library Facility  |d Remote Storage  |t 0  |e HD1531 M6 B37  |h Library of Congress classification  |i unmediated -- volume  |m A14806294549 
998 f f |a HD1531 M6 B37  |t 0  |l Remote Storage